000 00532cam a2200217 a 4500
020 _a1860670121
040 _cDLC
082 0 0 _a507 CAR 1995 A035 Or.
100 1 _aSigurdson, Jon.
245 1 0 _aScience and technology in Japan /
250 _a3rd ed.
260 _aLondon :
_bCartermill,
_c1995.
300 _axviii, 356 p. :
_bill. ;
_c24 cm.
650 0 _aScience
650 0 _aScience and state
650 0 _aTechnology
650 0 _aTechnology and state
650 0 _aResearch
650 0 _aTechnology
942 _cEK
999 _c12644
_d12644